Statistics for NBA Players who wore the jersey #2

Click here to take the quiz!

General Stats

  • This quiz has been taken 9 times
  • The average score is 4 of 31

Answer Stats

Tam#PosYears w/ the TeamAnswer% Correct
Brooklyn Nets31C2017–PresentJarrett Allen
78%
Chicago Bulls33SF1987–1998, 2003-2004Scottie Pippen
78%
Golden State Warriors40SF/PF2012–2016Harrison Barnes
33%
Los Angeles Lakers42SF1982–1994James Worthy
33%
New Orleans Pelicans50C2009–2012, 2018Emeka Okafor
22%
Boston Celtics60PG2018, 2019-PresentJonathan Gibson
22%
San Antonio Spurs55PF1999–2001Samaki Walker
22%
Minnesota Timberwolves47SF2012–2013Andrei Kirilenko
11%
Charlotte Hornets/Bobcats32PF2008–2012Boris Diaw
11%
Boston Celtics30PF2011–2015Brandon Bass
11%
Miami Heat44PF/C2000–2004Brian Grant
11%
Orlando Magic54PF/C1994–1999, 2001-2002Horace Grant
11%
Philadelphia 76ers39PF/SF2014–2016Jerami Grant
11%
Portland Trail Blazers53C1997–1998Alton Lister
0%
Cleveland Cavaliers34SG1971–1980Austin Carr
0%
Sacramento Kings/Cincinnati Royals61C1961–1962Bevo Nordmann
0%
Phoenix Suns46PF/C2002–2003, 2004–2005Bo Outlaw
0%
Dallas Mavericks35PF2010–2012Brian Cardinal
0%
Oklahoma City Thunder/Seattle Supersonics52PF/C2001–2004Calvin Booth
0%
Los Angeles Clippers38PF/SF1985Dale Wilkinson
0%
Denver Nuggets56C2003–2006Francisco Elson
0%
Memphis/Vancouver Grizzlies43PF1999–2002Grant Long
0%
Golden State Warriors57C/PF2013-2014Hilton Armstrong
0%
Detroit/Fort Wayne Pistons37SF/SG1947–1949Jack Smiley
0%
Houston Rockets51C1981–1982Jawann Oldham
0%
Indiana Pacers41C/PF1974–1979Len Elmore
0%
Chicago Bulls48C2012–2015Nazr Mohammed
0%
Atlanta/St. Louis Hawks29PF/SF1964–1969Paul Silas
0%
Milwaukee Bucks45C1983–1990Randy Breuer
0%
New York Knicks49SF/SG2001–2004Shandon Anderson
0%
Denver Nuggets36C2001–2002Shawnelle Scott
0%

Score Distribution

Percentile by Number Answered

Percent of People with Each Score

Your Score History

You have not taken this quiz